League of Legends Champion Quotes - Statistics

General Stats
  • This quiz has been taken 345 times
  • The average score is 9 of 20
Answer Stats
Hint Answer % Correct
“Okay.” Rammus
92%
“Imagine if I had a real weapon.” Jax
84%
“Dead man walkin’ ” Graves
74%
“It’s not how much time you have, it’s how you use it.” Ekko
68%
“They’re puppets; I pull their strings and then… they dance.” Jhin
63%
“Fight for the First Lands!” Irelia
59%
“I was made for this. Literally.” Zac
54%
“Precision is the difference between a butcher and a surgeon.” Camille
52%
“Is a leaf’s only purpose to fall?” Yasuo
45%
“My diet is expensively unique!” Tahm Kench
44%
“Swiftly!” Teemo
38%
“Those who run from death… stood still in life.” Kindred
37%
“Cheater’s just a fancy word for winner!” Twisted Fate
34%
“Come on, live a little… while you can!” Katarina
31%
“Cold steel and a target are all I need.” Akali
26%
“These turrets look strong… it will be fun cutting them down.” Gwen
25%
“You are beginning to grow on me… like a barnacle… on my ass.” Pyke
24%
“Tradition is the corpse of wisdom!” Zed
24%
“Boop.” Aurelion Sol
18%
“Your charms are impressive, but I’m not into forest creatures.” Ryze
14%
No matching quizzes found
Score Distribution
Percent of People with Each Score
Percentile by Number Answered
Your Score History
You have not taken this quiz